01694nam a2200241 i 4500003000900000005001700009007000300026008004100029020001800070040003000088041000800118082001900126100005100145245019000196264005800386300004500444336002700489337003400516338002800550500006700578520076900645700003801414DO-SdBNP20250801111854.0ta250801b2024 xxua|||| |||| 00| 0 spa d a9798340907486 aDO-SdBNPbspacBNPHUerda aspa 4axxxbM828L222 aMorales Pérez, María Waleska eautor4aut. aLulivi : bun mundo mágico de poemas y cuentos /cMaría Waleska Morales Pérez ; ilustración, Instituto Lingüísticos Dominicano ; edición y corrección, Rita Díaz Blanco aMiddletown, USA :b[editor no identificado] ;c2024. a61 páginas :bilustraciones ;c23 cm.  atextobtxt2rdacontent asin mediación bn2rdamedia avolumenbnc2rdacarrier aIncluye datos biográficos de la autora en la contracubierta. aCada poema es una melodía que celebra la belleza de la vida, la naturaleza y los sentimientos más profundos. A través de las palabras, podrán sentir el latido del corazón de la tierra, el susurro del viento y el calor del sol en sus mejillas. Estos poemas están escritos con el deseo de que encuentren consuelo y alegría en cada verso, y que descubran la poesía en su propio día a día. Los cuentos, por otro lado, son puertas a universos mágicos donde todo es posible. Viajarán con héroes valientes, conocerán criaturas fantásticas y aprenderán lecciones importantes sobre la amistad, el valor y la bondad. Cada historia está llena de personajes únicos que, como ustedes, enfrentan desafíos y descubren su fuerza interior. 1 aDíaz Blanco, Rita,eeditor4ed.